Länder mit der höchsten Bevölkerungsdichte - Sudden Death - Statistiken

Allgemein
  • Dieses Quiz wurde 149 mal gespielt
  • Das Durchschnittsergebnis liegt bei 3 aus 15
Answers on the Grid
Answers color-coded by a green-red scale on the quiz's grid according to % correct below.
Monaco
Singapur
Malediven
Bahrain
Vatikanstadt
Malta
Bangladesch
Palästina
Barbados
Taiwan
Mauritius
Libanon
Ruanda
Südkorea
San Marino
Belgien
Philippinen
Japan
Luxemburg
Seychellen
Italien
Tschechien
Slowakei
Malaysia
Elfenbeinküste
Tansania
Madagaskar
Mosambik
Somalia
Saudi-Arabien
 
Antwortstatistiken
Antwort % Korrekt
Singapur
57%
Monaco
50%
Vatikanstadt
37%
Bangladesch
35%
San Marino
28%
Malta
24%
Palästina
19%
Bahrain
17%
Südkorea
17%
Ruanda
15%
Taiwan
15%
Malediven
11%
Mauritius
11%
Libanon
9%
Barbados
4%
Keine übereinstimmenden Quizze gefunden
Verteilung der Resultate
Anzahl Personen mit jedem Resultat
Perzentil nach korrekt beantworteten Fragen
Ihre Resultats-Entwicklung
Sie haben dieses Quiz noch nicht gespielt